ბათუმის შოთა რუსთაველის სახელმწიფო უნივერსიტეტის ბიბლიოთეკა

Robbins & Cotran Pathologic Basis of Disease / (ბიბ.ჩანაწერი № 61752)

000 -LEADER
fixed length control field 00687nam a22002177a 4500
005 - DATE AND TIME OF LATEST TRANSACTION
control field 20240426173042.0
008 - FIXED-LENGTH DATA ELEMENTS--GENERAL INFORMATION
fixed length control field 240426s2005 enk||||| |||| 00| 0 eng d
020 ## - INTERNATIONAL STANDARD BOOK NUMBER
International Standard Book Number 9780721601878x
041 ## - LANGUAGE CODE
Language code of text/sound track or separate title eng
080 ## - UNIVERSAL DECIMAL CLASSIFICATION NUMBER
Universal Decimal Classification number 616-006 K-91
100 ## - MAIN ENTRY--PERSONAL NAME
Personal name Kumar, Vinay
9 (RLIN) 21063
245 ## - TITLE STATEMENT
Title Robbins & Cotran Pathologic Basis of Disease /
Statement of responsibility, etc. Vinay Kumar, Nelso Fausto, Abul Abbas.
264 ## - PRODUCTION, PUBLICATION, DISTRIBUTION, MANUFACTURE, AND COPYRIGHT NOTICE
Place of production, publication, distribution, manufacture Philadelphia :
Name of producer, publisher, distributor, manufacturer Saunders,
Date of production, publication, distribution, manufacture, or copyright notice 2005.
300 ## - PHYSICAL DESCRIPTION
Extent 1525 p.
500 ## - GENERAL NOTE
General note +1 CD
653 ## - INDEX TERM--UNCONTROLLED
keyword პათოლოგია
653 ## - INDEX TERM--UNCONTROLLED
keyword მედიცინა
700 ## - ADDED ENTRY--PERSONAL NAME
Personal name Fausto, Nelso
Relator term ავტორი
9 (RLIN) 21967
700 ## - ADDED ENTRY--PERSONAL NAME
Personal name Abbas, Abul
Relator term ავტორი
9 (RLIN) 21968
942 ## - ADDED ENTRY ELEMENTS (KOHA)
Source of classification or shelving scheme
Koha item type წიგნი
ეგზემპლარები
Withdrawn status Lost status Source of classification or shelving scheme Damaged status Not for loan Permanent Location Current Location Shelving location Date acquired Cost, normal purchase price Full call number Barcode Date last seen Copy number Uniform Resource Identifier Price effective from Koha item type Public note
          ბათუმის შოთა რუსთაველის სახელმწიფო უნივერსიტეტის მთავარი ბიბლიოთეკა ბათუმის შოთა რუსთაველის სახელმწიფო უნივერსიტეტის მთავარი ბიბლიოთეკა წიგნსაცავი 2024-04-26 204.00 616-006 K-91 67922 2024-04-26 67922 + 1 CD 2024-04-26 წიგნი 204 ლ.